Super Animal Royale Species - Statistics

General Stats
  • This quiz has been taken 37 times
    33 since last reset
  • The average score is 12 of 34
Answer Stats
Answer % Correct
Fox
86%
Cat
83%
Bear
79%
Dog
79%
Skullcat
76%
Tiger
66%
Bat
55%
Deer
52%
Songbird
48%
Wolf
45%
Chicken
38%
Duck
38%
Rat
34%
Donkey
31%
Goat
31%
Horse
31%
Raccoon
31%
Blue Jay
28%
Frog
28%
Sheep
28%
Skunk
28%
Cow
24%
Panda
24%
Red Panda
24%
Hawk
17%
Boar
14%
Capybara
14%
Hippo
14%
Lizard
14%
Pigeon
14%
Bunny
10%
Hyena
10%
Raven
10%
Bald Eagle
7%
No matching quizzes found
Score Distribution
Percent of People with Each Score
Percentile by Number Answered
Your Score History
You have not taken this quiz since the last reset